Turbo C προγραμματισμός για PC
Αποθηκεύτηκε σε:
| Κύριος συγγραφέας: | |
|---|---|
| Συγγραφή απο Οργανισμό/Αρχή: | |
| Μορφή: | Βιβλίο |
| Γλώσσα: | Greek English |
| Δημοσίευση: |
Αθήνα :
Γκιούρδας,
1992.
|
| Θέματα: | |
| Ετικέτες: |
Προσθήκη ετικέτας
Δεν υπάρχουν, Καταχωρήστε ετικέτα πρώτοι!
|
MARC
| LEADER | 00000cam a2200000 i 4500 | ||
|---|---|---|---|
| 001 | 1/37199 | ||
| 008 | 941103s1992 gr | ||| |||| ||gre|| | ||
| 035 | |1 ΕΛΗ |a 1997 |b 1604 |c ΣΠΙΝΕΛΛΗΣ |l 10040447 | ||
| 035 | |a 1993 |c ΠΑΝΑΓΙΩΤΟΠΟΥΛΟΣ | ||
| 040 | |a GR-MyUa |b gre |e AACR2 | ||
| 041 | 1 | |a gre |h eng | |
| 082 | 7 | |a 005.133 |2 (22) | |
| 100 | 1 | |a Lafore, Robert |q (Robert W.) | |
| 245 | 1 | 0 | |a Turbo C προγραμματισμός για PC / |c Robert Lafore, απο την ομάδα Waite ; απόδοση Ελένη Καλογήρου. |
| 260 | |a Αθήνα : |b Γκιούρδας, |c 1992. | ||
| 300 | |a 696 σ. : |b εικ. ; |c 24 εκ. | ||
| 500 | |a Τίτλος πρωτοτύπου: The Waite Group's Turbo C programming for the PC. | ||
| 504 | |a Περιλαμβάνει ευρετήριο. | ||
| 630 | 0 | 0 | |a Turbo C (Computer file) |
| 650 | 0 | |a C (Computer program language) | |
| 710 | 2 | |a Waite Group. | |
| 852 | |a INST |b SAMOS |e 19941103 |h 005.133 LAF |p 005300005434 |q 005300005434 |t BK |y 12 | ||
| 852 | |a INST |b SAMOS |e 19970418 |h 005.133 LAF |p 005300011958 |q 005300011958 |t BK |y 0 | ||